El mundo de los microbios / (Record no. 148205)

MARC details
000 -LEADER
campo de control de longitud fija 00833nam a2200229 i 4500
001 - NÚMERO DE CONTROL
campo de control 148205
003 - IDENTIFICADOR DE NÚMERO DE CONTROL
campo de control ES-MaACL
005 - FECHA Y HORA DE LA ÚLTIMA TRANSACCIÓN
campo de control 20230906202507.0
007 - CAMPO FIJO DE DESCRIPCIÓN FÍSICA--INFORMACIÓN GENERAL
campo de control de longitud fija t|
008 - DATOS DE LONGITUD FIJA--INFORMACIÓN GENERAL
campo de control de longitud fija 070214s1965 sp |||| | spa d
100 1# - ENTRADA PRINCIPAL--NOMBRE DE PERSONA
Nombre de persona Stanier, Roger Y.
9 (RLIN) 107898
245 13 - MENCIÓN DEL TÍTULO
Título El mundo de los microbios /
Mención de responsabilidad, etc. Roger Y. Stanier, Michael Doudoroff, Edward A. Adelberg ; traducido del inglés por los doctores Isabel García Acha, Manuel Losada y Julio Rodríguez Villanueva.
260 ## - PUBLICACIÓN, DISTRIBUCIÓN, ETC.
Lugar de publicación, distribución, etc. Valencia :
Nombre del editor, distribuidor, etc. Aguilar,
Fecha de publicación, distribución, etc. 1965.
300 ## - DESCRIPCIÓN FÍSICA
Extensión XX, 724 p. :
Otras características físicas il. ;
Dimensiones 22 cm.
650 04 - PUNTO DE ACCESO ADICIONAL DE MATERIA--TÉRMINO DE MATERIA
Término de materia o nombre geográfico como elemento de entrada Microbiología.
9 (RLIN) 15023
700 1# - ENTRADA AGREGADA--NOMBRE PERSONAL
Nombre de persona Doudoroff, Michael.
9 (RLIN) 45480
700 1# - ENTRADA AGREGADA--NOMBRE PERSONAL
Nombre de persona Adelberg, Edward A.
9 (RLIN) 18427
700 1# - ENTRADA AGREGADA--NOMBRE PERSONAL
Nombre de persona García Acha, Isabel.
9 (RLIN) 54115
700 1# - ENTRADA AGREGADA--NOMBRE PERSONAL
Nombre de persona Losada, Manuel.
9 (RLIN) 74259
700 1# - ENTRADA AGREGADA--NOMBRE PERSONAL
Nombre de persona Rodríguez Villanueva, Julio.
9 (RLIN) 98862
852 ## - LOCALIZACIÓN
Ubicación ES-MaACL
Número de control de estantería C-27435
Holdings
Estatus retirado Estado de pérdida Estado de daño No para préstamo Biblioteca de origen Biblioteca actual Ubicación en estantería Fecha de adquisición Fuente de adquisición Total de préstamos Signatura topográfica completa Código de barras Visto por última vez Precio de reemplazo Tipo de ítem Koha
        Biblioteca del Ateneo de Madrid Biblioteca del Ateneo de Madrid Depósito 2 17/01/2008     C-27435 1154667 23/02/2023 23/02/2023 Libro impreso